[Event "Reykjavik op"]
[Site "Reykjavik"]
[Date "2024.03.19"]
[Round "7"]
[White "Halldorsson, Bragi"]
[Black "Garifullina, Leya"]
[Result "0-1"]
[WhiteElo "2056"]
[BlackElo "2413"]
[PlyCount "58"]
[EventDate "2024.03.15"]
[EventType "swiss"]
[EventRounds "9"]
[EventCountry "ISL"]
[SourceTitle "CB13_2024"]
[SourceDate "2024.03.27"]
[SourceVersion "1"]
[SourceVersionDate "2024.03.27"]
[SourceQuality "1"]

1. d4 Nf6 2. c4 e6 3. Nf3 d5 4. Nc3 Bb4 5. cxd5 exd5 6. Bg5 h6 7. Bh4 0-0 8. e3 Bf5 9. Bd3 Bxd3 10. Qxd3 c6 11. 0-0 Nbd7 12. Ne5 Qe8 13. Nxd7 Nxd7 14. f3 f5 15. a3 Bd6 16. e4 Qh5 17. Bg3 Bxg3 18. hxg3 fxe4 19. fxe4 Nf6 20. Rf5 dxe4 21. Qc4+ Qf7 22. Qc5 Qg6 23. Ne2 Nd5 24. Rxf8+ Rxf8 25. Rf1 Rxf1+ 26. Kxf1 e3 27. Kg1 Qd3 28. Nf4 Nxf4 29. gxf4 Qb1+ 0-1

[Event "Reykjavik op"]
[Site "Reykjavik"]
[Date "2024.03.16"]
[Round "2"]
[White "Garifullina, Leya"]
[Black "Pujari, Rucha"]
[Result "1-0"]
[WhiteElo "2413"]
[BlackElo "2147"]
[PlyCount "81"]
[EventDate "2024.03.15"]
[EventType "swiss"]
[EventRounds "9"]
[EventCountry "ISL"]
[SourceTitle "CB13_2024"]
[SourceDate "2024.03.27"]
[SourceVersion "1"]
[SourceVersionDate "2024.03.27"]
[SourceQuality "1"]

1. e4 e5 2. Nf3 Nc6 3. Bb5 a6 4. Ba4 Nf6 5. 0-0 Be7 6. Re1 b5 7. Bb3 d6 8. c3 0-0 9. h3 Nb8 10. d4 Nbd7 11. Nbd2 Bb7 12. Bc2 Re8 13. Nf1 Bf8 14. Ng3 g6 15. a4 c5 16. d5 c4 17. Be3 Qc7 18. Nh2 h5 19. Nf3 Nc5 20. Qd2 Rab8 21. Ra3 bxa4 22. Bxc5 Qxc5 23. Bxa4 Red8 24. Rea1 Be7 25. Qe2 Rdc8 26. R1a2 Bd8 27. Nf1 h4 28. N3d2 Nh5 29. Ne3 Nf4 30. Qxc4 Qa7 31. Qf1 a5 32. Bb5 Ba8 33. Ba6 Rc5 34. Nb3 Bb6 35. Nxc5 Bxc5 36. Rxa5 Bxe3 37. Bc4 Bxf2+ 38. Qxf2 Qb7 39. Rb5 Qc8 40. Rxb8 Qxb8 41. Qa7 1-0

[Event "Moscow Aeroflot op-A"]
[Site "Moscow"]
[Date "2024.03.06"]
[Round "7"]
[White "Zakhartsov, Vladimir"]
[Black "Garifullina, Leya"]
[Result "0-1"]
[WhiteElo "2504"]
[BlackElo "2413"]
[PlyCount "102"]
[EventDate "2024.03.03"]
[EventType "swiss"]
[EventRounds "9"]
[EventCountry "RUS"]
[SourceTitle "CB11_2024"]
[SourceDate "2024.03.13"]
[SourceVersion "1"]
[SourceVersionDate "2024.03.13"]
[SourceQuality "1"]

1. c4 e5 2. Nc3 Bb4 3. Nd5 a5 4. Nf3 d6 5. a3 Bc5 6. e3 Nd7 7. d4 Ba7 8. Qc2 c6 9. Nc3 Ngf6 10. Bd2 0-0 11. 0-0-0 Re8 12. h3 e4 13. Ng1 Nf8 14. g4 h6 15. f3 d5 16. cxd5 cxd5 17. f4 Bd7 18. Nb5 Bc6 19. Kb1 Bb8 20. a4 Ne6 21. Ne2 Bxb5 22. axb5 Nd7 23. Nc3 Nb6 24. Be1 a4 25. h4 Bd6 26. g5 h5 27. f5 Nf8 28. Be2 g6 29. Rf1 Qd7 30. Rc1 Rec8 31. Qd1 Be7 32. Bxh5 gxf5 33. Qe2 a3 34. b3 a2+ 35. Nxa2 Rxc1+ 36. Nxc1 Nc8 37. Bg3 Bd6 38. Qf2 Ng6 39. Bxg6 fxg6 40. h5 Qc7 41. Bxd6 Nxd6 42. Na2 Qa5 43. hxg6 Qxb5 44. Ka1 Qxb3 45. Rc1 Nc4 46. Qh2 Rxa2+ 47. Qxa2 Qxa2+ 48. Kxa2 Nxe3 49. Rc7 f4 50. Rf7 f3 51. Kb3 Ng2 0-1

[Event "Pozarevac Rudar GM 02"]
[Site "Pozarevac"]
[Date "2024.02.15"]
[Round "9"]
[White "Garifullina, Leya"]
[Black "Zemlyanskii, Ivan"]
[Result "1/2-1/2"]
[WhiteElo "2422"]
[BlackElo "2492"]
[PlyCount "28"]
[EventDate "2024.02.08"]
[EventType "tourn"]
[EventRounds "9"]
[EventCountry "SRB"]
[EventCategory "7"]
[SourceTitle "CB08_2024"]
[SourceDate "2024.02.21"]
[SourceVersion "1"]
[SourceVersionDate "2024.02.21"]
[SourceQuality "1"]

1. d4 d5 2. c4 c6 3. Nf3 Nf6 4. e3 Bf5 5. Nc3 e6 6. Nh4 Bg6 7. Qb3 Qc7 8. Nxg6 hxg6 9. Bd2 Nbd7 10. cxd5 exd5 11. 0-0-0 a5 12. Qc2 Rxh2 13. Rxh2 Qxh2 14. a3 Nb6 1/2-1/2

[Event "Wch Blitz (Women)"]
[Site "Samarkand"]
[Date "2023.12.29"]
[Round "1"]
[White "Garifullina, Leya"]
[Black "Lei, Tingjie"]
[Result "1/2-1/2"]
[WhiteElo "2423"]
[BlackElo "2550"]
[PlyCount "174"]
[EventDate "2023.12.29"]
[EventType "swiss (blitz)"]
[EventRounds "17"]
[EventCountry "UZB"]
[SourceTitle "CB01_2024"]
[SourceDate "2024.01.03"]
[SourceVersion "1"]
[SourceVersionDate "2024.01.03"]
[SourceQuality "1"]

1. e4 e5 2. Nf3 Nc6 3. Bb5 a6 4. Ba4 Nf6 5. 0-0 Nxe4 6. d4 b5 7. Bb3 d5 8. dxe5 Be6 9. Qe2 Be7 10. Rd1 0-0 11. c3 Qd7 12. Nbd2 Nc5 13. Bc2 f6 14. exf6 Bxf6 15. Nf1 Rae8 16. Ne3 Bf7 17. Qf1 Ne5 18. Nxe5 Bxe5 19. h3 c6 20. Ng4 Bc7 21. Be3 Qd6 22. b4 Nd7 23. g3 Nf6 24. Bf4 Qd7 25. Nxf6+ gxf6 26. Bxc7 Qxc7 27. Re1 Re5 28. a4 Rfe8 29. axb5 axb5 30. Rxe5 Qxe5 31. Qd3 Bg6 32. Qd2 Kg7 33. Ra7+ Re7 34. Rxe7+ Qxe7 35. Bxg6 hxg6 36. Qd4 Qe5 37. Qc5 Qe1+ 38. Kg2 Qe4+ 39. Kg1 Qe6 40. h4 Kh7 41. Qa7+ Kg8 42. Qc5 Kh7 43. Qd4 Qf5 44. Qa7+ Kh6 45. Qa8 Qb1+ 46. Kh2 Kg7 47. Qxc6 Qc2 48. Kg1 Qb1+ 49. Kh2 Qc2 50. Qc5 Qd3 51. Qd4 Qc2 52. Kg2 Qb3 53. g4 Kf7 54. g5 fxg5 55. hxg5 Ke8 56. Qc5 Kf7 57. Qc7+ Kf8 58. Qd6+ Kg7 59. Qf6+ Kh7 60. Qf7+ Kh8 61. Qxg6 Qxc3 62. Qh6+ Kg8 63. Qe6+ Kg7 64. g6 Qxb4 65. Qf7+ Kh6 66. g7 Qg4+ 67. Kf1 Qd1+ 68. Kg2 Qg4+ 69. Kh2 Qxg7 70. Qxd5 Qc7+ 71. Kg2 Qb6 72. Qd2+ Kg6 73. Qd3+ Kf6 74. Qf3+ Ke5 75. Qg3+ Kd5 76. Qd3+ Kc6 77. Qe4+ Kc7 78. Qe7+ Kb8 79. Qe5+ Kb7 80. Qe7+ Qc7 81. Qb4 Kb6 82. f4 Qc6+ 83. Kg3 Qg6+ 84. Kf3 Qd3+ 85. Kg4 Qg6+ 86. Kf3 Qd3+ 87. Kg4 Qg6+ 1/2-1/2

[Event "Wch Blitz (Women)"]
[Site "Samarkand"]
[Date "2023.12.29"]
[Round "8"]
[White "Tan, Zhongyi"]
[Black "Garifullina, Leya"]
[Result "0-1"]
[WhiteElo "2521"]
[BlackElo "2423"]
[PlyCount "176"]
[EventDate "2023.12.29"]
[EventType "swiss (blitz)"]
[EventRounds "17"]
[EventCountry "UZB"]
[SourceTitle "CB01_2024"]
[SourceDate "2024.01.03"]
[SourceVersion "1"]
[SourceVersionDate "2024.01.03"]
[SourceQuality "1"]

1. Nf3 d5 2. g3 Bg4 3. Bg2 e6 4. 0-0 Nf6 5. d3 Be7 6. h3 Bh5 7. c4 c6 8. cxd5 Bxf3 9. Bxf3 cxd5 10. Bg2 Nc6 11. Nc3 0-0 12. Bd2 Rc8 13. Rc1 h6 14. Qa4 Qb6 15. Qb5 Qxb5 16. Nxb5 a6 17. Nc3 Nd7 18. Rfd1 Nd4 19. Kf1 Nc6 20. e3 Nb4 21. Ke2 Nc6 22. d4 Nb6 23. Be1 Nc4 24. b3 Nb6 25. Nb1 Nd7 26. Kf1 Rc7 27. Rc2 Rfc8 28. Rdc1 Bd6 29. Bf3 Ne7 30. Rxc7 Rxc7 31. Rxc7 Bxc7 32. Bd1 Nc6 33. f4 Bd6 34. Nc3 f5 35. g4 g6 36. Kf2 Kf7 37. gxf5 gxf5 38. Bh5+ Kf8 39. Ke2 Nf6 40. Bf3 Bb4 41. Bh4 Bxc3 42. Bxf6 Bb4 43. Bh4 Be7 44. Be1 Bb4 45. Bf2 Bd6 46. Kd1 Nb4 47. a4 Be7 48. Be2 a5 49. Bb5 b6 50. Kd2 Kf7 51. Ke2 Bd8 52. Kf3 Be7 53. Be1 Nc2 54. Bd2 Nb4 55. Kg3 Kg6 56. Be8+ Kg7 57. Kf3 Nc2 58. Bd7 Kf7 59. Ke2 Na1 60. Kd1 Nxb3 61. Bc3 Bb4 62. Kc2 Bxc3 63. Kxc3 Nc1 64. Kd2 Na2 65. Bb5 Nb4 66. Kc3 Ke7 67. Kd2 Kd6 68. Kc3 Nc6 69. Kd2 Na7 70. Bd3 Kc6 71. Kc3 b5 72. Kb3 bxa4+ 73. Kxa4 Kb6 74. Be2 Nc6 75. Bb5 Nd8 76. Be8 Kc7 77. Kxa5 Nb7+ 78. Kb4 Nd6 79. Bh5 Nc4 80. Bf7 Kd6 81. Kc3 Nxe3 82. Bh5 Ng2 83. Bf3 Nxf4 84. h4 Ng6 85. h5 Nf4 86. Kd2 e5 87. Ke3 Ne6 88. dxe5+ Kxe5 0-1

[Event "Wch Rapid (Women)"]
[Site "Samarkand"]
[Date "2023.12.28"]
[Round "11"]
[White "Gunina, Valentina"]
[Black "Garifullina, Leya"]
[Result "1-0"]
[WhiteElo "2437"]
[BlackElo "2423"]
[PlyCount "97"]
[EventDate "2023.12.26"]
[EventType "swiss (rapid)"]
[EventRounds "11"]
[EventCountry "UZB"]
[SourceTitle "CB01_2024"]
[SourceDate "2024.01.03"]
[SourceVersion "1"]
[SourceVersionDate "2024.01.03"]
[SourceQuality "1"]

1. d4 Nf6 2. c4 e6 3. Nf3 d5 4. Nc3 Bb4 5. cxd5 exd5 6. Bg5 h6 7. Bh4 0-0 8. e3 Bf5 9. Be2 Nbd7 10. 0-0 c6 11. Qb3 Qb6 12. Nd2 Bd6 13. Qxb6 axb6 14. f3 Rfe8 15. Bf2 b5 16. a3 Bh7 17. Rfe1 b4 18. axb4 Bxb4 19. Bf1 Nb6 20. Nb3 Nfd7 21. Rxa8 Rxa8 22. e4 dxe4 23. fxe4 Re8 24. Nd2 Nf6 25. e5 Nfd5 26. Rc1 f6 27. Nf3 Bf5 28. h3 fxe5 29. dxe5 Be6 30. Ne4 Nd7 31. Nd6 Bxd6 32. exd6 Rd8 33. Nd4 Bf7 34. Bg3 N7f6 35. Bd3 Nh5 36. Be5 Nhf6 37. Ra1 Nd7 38. Bg3 Nc5 39. Bf5 g6 40. Bc2 Nb4 41. Bb1 Nbd3 42. Ra5 Ne4 43. Bh2 Nec5 44. b4 b6 45. bxc5 bxa5 46. Nxc6 Ra8 47. Bxd3 a4 48. d7 a3 49. d8Q+ 1-0

[Event "Wch Rapid (Women)"]
[Site "Samarkand"]
[Date "2023.12.26"]
[Round "2"]
[White "Garifullina, Leya"]
[Black "Nurgaliyeva, Zarina"]
[Result "1-0"]
[WhiteElo "2423"]
[BlackElo "2113"]
[PlyCount "85"]
[EventDate "2023.12.26"]
[EventType "swiss (rapid)"]
[EventRounds "11"]
[EventCountry "UZB"]
[SourceTitle "CB01_2024"]
[SourceDate "2024.01.03"]
[SourceVersion "1"]
[SourceVersionDate "2024.01.03"]
[SourceQuality "1"]

1. e4 e5 2. Nf3 Nc6 3. Bb5 a6 4. Ba4 Nf6 5. 0-0 Be7 6. d3 b5 7. Bb3 d6 8. a3 0-0 9. Nc3 Be6 10. Nd5 Na5 11. Ba2 c6 12. Nxe7+ Qxe7 13. b4 Nb7 14. Bxe6 fxe6 15. c3 Nd8 16. Re1 Nf7 17. d4 exd4 18. cxd4 e5 19. Bb2 Nd7 20. Rc1 Rac8 21. Rc2 c5 22. bxc5 dxc5 23. dxe5 Ndxe5 24. Nxe5 Nxe5 25. Qd5+ Nf7 26. h3 c4 27. f4 Rc5 28. Qd4 Nd8 29. Qe3 a5 30. Bd4 Rc6 31. f5 b4 32. axb4 axb4 33. Rf2 c3 34. e5 Nf7 35. e6 Nd6 36. Qf3 Rc4 37. Qd3 c2 38. Bb2 Rfc8 39. f6 gxf6 40. Bxf6 c1Q 41. Qg3+ Kf8 42. Bxe7+ Kxe7 43. Qg7+ 1-0

[Event "RUS Cup tt (Women)"]
[Site "Sochi"]
[Date "2023.12.03"]
[Round "7.1"]
[White "Garifullina, Leya"]
[Black "Poliakova, Varvara"]
[Result "1-0"]
[WhiteElo "2403"]
[BlackElo "2013"]
[PlyCount "55"]
[EventDate "2023.11.27"]
[EventType "team-tourn"]
[EventRounds "7"]
[EventCountry "RUS"]
[SourceTitle "CB49_2023"]
[SourceDate "2023.12.06"]
[SourceVersion "1"]
[SourceVersionDate "2023.12.06"]
[SourceQuality "1"]
[WhiteTeam "Sima Lend (W)"]
[BlackTeam "Belarus (W)"]
[WhiteTeamCountry "RUS"]
[BlackTeamCountry "BLR"]

1. e4 e5 2. Nf3 Nc6 3. Bb5 a6 4. Ba4 Nf6 5. Nc3 b5 6. Bb3 Nd4 7. Nxe5 Nxb3 8. axb3 Qe7 9. Nf3 b4 10. Ne2 Qxe4 11. 0-0 Be7 12. Ng3 Qd5 13. Re1 d6 14. c4 bxc3 15. bxc3 Be6 16. c4 Qd3 17. Re3 Qg6 18. d4 Ng4 19. Re1 0-0 20. h3 Nh6 21. Bxh6 Qxh6 22. d5 Bf6 23. dxe6 Bxa1 24. e7 Rfe8 25. Qxa1 g6 26. Ne4 Rxe7 27. Nf6+ Kf8 28. Nd7+ 1-0

[Event "RUS Cup tt (Women)"]
[Site "Sochi"]
[Date "2023.12.02"]
[Round "6.5"]
[White "Khegai, Darya"]
[Black "Garifullina, Leya"]
[Result "0-1"]
[WhiteElo "1741"]
[BlackElo "2403"]
[PlyCount "76"]
[EventDate "2023.11.27"]
[EventType "team-tourn"]
[EventRounds "7"]
[EventCountry "RUS"]
[SourceTitle "CB49_2023"]
[SourceDate "2023.12.06"]
[SourceVersion "1"]
[SourceVersionDate "2023.12.06"]
[SourceQuality "1"]
[WhiteTeam "Altay Region Kaissa (W)"]
[BlackTeam "Sima Lend (W)"]
[WhiteTeamCountry "RUS"]
[BlackTeamCountry "RUS"]

1. d4 Nf6 2. c4 e6 3. Nf3 d5 4. Nc3 Bb4 5. Bg5 h6 6. Bxf6 Qxf6 7. e3 0-0 8. Qb3 Bxc3+ 9. Qxc3 dxc4 10. Bxc4 b6 11. Bd3 Bb7 12. Qxc7 Bxf3 13. gxf3 Qxf3 14. Rg1 Nc6 15. Be2 Qd5 16. Qg3 g6 17. Bd3 Ne7 18. Qf4 Kg7 19. Qc7 Rfe8 20. Qc4 Qd6 21. Ke2 Rac8 22. Qb5 Nd5 23. Rac1 Rxc1 24. Rxc1 Rd8 25. Be4 Qxh2 26. Qa4 a5 27. Qc6 Qb8 28. Rg1 Nf6 29. Bd3 e5 30. Qg2 g5 31. Qh3 exd4 32. Rh1 Rh8 33. Qf5 dxe3 34. Rg1 Qh2 35. Rxg5+ hxg5 36. Qxg5+ Kf8 37. Qxf6 Qxf2+ 38. Qxf2 exf2 0-1

[Event "RUS Cup tt (Women)"]
[Site "Sochi"]
[Date "2023.11.30"]
[Round "4.1"]
[White "Badelka, Olga"]
[Black "Garifullina, Leya"]
[Result "1/2-1/2"]
[WhiteElo "2395"]
[BlackElo "2403"]
[PlyCount "87"]
[EventDate "2023.11.27"]
[EventType "team-tourn"]
[EventRounds "7"]
[EventCountry "RUS"]
[SourceTitle "CB49_2023"]
[SourceDate "2023.12.06"]
[SourceVersion "1"]
[SourceVersionDate "2023.12.06"]
[SourceQuality "1"]
[WhiteTeam "Korporatsiya M (W)"]
[BlackTeam "Sima Lend (W)"]
[WhiteTeamCountry "RUS"]
[BlackTeamCountry "RUS"]

1. d4 Nf6 2. c4 e6 3. g3 d5 4. Bg2 Bb4+ 5. Bd2 Be7 6. Nf3 0-0 7. 0-0 c6 8. Qc2 Nbd7 9. Bf4 a5 10. h4 h6 11. Nbd2 Nh5 12. e3 Nxf4 13. exf4 b6 14. Rac1 Ba6 15. f5 exf5 16. Qxf5 Bb4 17. Rfd1 Bxd2 18. Rxd2 dxc4 19. d5 c5 20. d6 Ra7 21. Re1 Re8 22. Rxe8+ Qxe8 23. Rd1 c3 24. bxc3 Bc4 25. Qf4 Be6 26. Ne5 Nxe5 27. Qxe5 Qa4 28. Rb1 Ra6 29. Bd5 Qd7 30. Re1 Ra7 31. c4 Bxd5 32. Qxd5 Qd8 33. Qe5 Rd7 34. Rd1 Kf8 35. a4 Kg8 36. Kg2 Qa8+ 37. Rd5 Qc6 38. h5 Rd8 39. Qe7 Rd7 40. Qe8+ Kh7 41. Kg1 Rxd6 42. Qxf7 Rf6 43. Qe7 Qe6 44. Rd7 1/2-1/2

[Event "FIDE Grand Swiss (Women)"]
[Site "Douglas"]
[Date "2023.11.02"]
[Round "8"]
[White "Garifullina, Leya"]
[Black "Shuvalova, Polina"]
[Result "1-0"]
[WhiteElo "2402"]
[BlackElo "2506"]
[PlyCount "99"]
[EventDate "2023.10.25"]
[EventType "swiss"]
[EventRounds "11"]
[EventCountry "IOM"]
[SourceTitle "Mega2024 Update 01"]
[Source "Chessbase"]
[SourceDate "2023.11.12"]
[SourceVersion "1"]
[SourceVersionDate "2023.11.12"]
[SourceQuality "1"]

1. e4 e5 2. Nf3 Nc6 3. Bb5 a6 4. Ba4 Nf6 5. 0-0 Be7 6. d3 b5 7. Bb3 d6 8. a3 0-0 9. Nc3 Rb8 10. h3 h6 11. Nd5 Nxd5 12. Bxd5 Qe8 13. Be3 Bd8 14. b4 Bd7 15. Re1 Ne7 16. Bb3 Ng6 17. d4 exd4 18. Bxd4 Be6 19. e5 Bxb3 20. cxb3 Qd7 21. Qc2 Re8 22. Rac1 Bg5 23. Rcd1 Rbd8 24. Bb2 Qc8 25. exd6 cxd6 26. Qxc8 Rxe1+ 27. Nxe1 Rxc8 28. Rxd6 Bc1 29. Bxc1 Rxc1 30. Kf1 Rb1 31. Rxa6 Nf4 32. Ra8+ Kh7 33. Re8 Rxb3 34. Re3 Rb2 35. h4 Ra2 36. g3 Nd5 37. Rd3 Nb6 38. Rc3 Na4 39. Rc7 Rxa3 40. Rxf7 Rb3 41. Nc2 Kg6 42. Rb7 Rb2 43. Ne3 Nc3 44. h5+ Kxh5 45. Rxg7 Ne4 46. Nd5 Rxf2+ 47. Kg1 Nf6 48. Nf4+ Rxf4 49. gxf4 Nd5 50. f5 1-0

[Event "FIDE Grand Swiss (Women)"]
[Site "Douglas"]
[Date "2023.10.26"]
[Round "2"]
[White "Garifullina, Leya"]
[Black "Paehtz, Elisabeth"]
[Result "1/2-1/2"]
[WhiteElo "2402"]
[BlackElo "2484"]
[PlyCount "95"]
[EventDate "2023.10.25"]
[EventType "swiss"]
[EventRounds "11"]
[EventCountry "IOM"]
[SourceTitle "Mega2024 Update 01"]
[Source "Chessbase"]
[SourceDate "2023.11.12"]
[SourceVersion "1"]
[SourceVersionDate "2023.11.12"]
[SourceQuality "1"]

1. e4 c5 2. Nf3 Nc6 3. d4 cxd4 4. Nxd4 Nf6 5. Nc3 e5 6. Ndb5 d6 7. Nd5 Nxd5 8. exd5 Nb8 9. a4 Be7 10. Be2 0-0 11. Bd2 Nd7 12. a5 f5 13. 0-0 a6 14. Na3 Nf6 15. Bb4 Bd7 16. Re1 Be8 17. Nc4 e4 18. Nb6 Rb8 19. Bc3 Nd7 20. Bd4 Bg6 21. c4 Nxb6 22. axb6 Bg5 23. Ra3 Kh8 24. b4 f4 25. Bg4 Bf6 26. Be6 Re8 27. Bxf6 Qxf6 28. c5 Bf5 29. Bxf5 Qxf5 30. c6 bxc6 31. dxc6 Rxb6 32. Qxd6 h6 33. Rc3 e3 34. fxe3 fxe3 35. Qg3 Qf6 36. Rec1 e2 37. Qe1 Qd4+ 38. Kh1 Rbb8 39. c7 Rbc8 40. R3c2 Qe5 41. h3 Re7 42. Rd2 Rcxc7 43. Rxc7 Qxc7 44. Rxe2 Rxe2 45. Qxe2 Qc1+ 46. Kh2 Qf4+ 47. Kh1 Qxb4 48. Qxa6 1/2-1/2